000 00656nam a2200181 a 4500
005 20140412111248.0
008 020516s19uu xx 00 eng d
020 _a0-7323-1003-2
050 _aM 745.54
_bR541 1972
100 _aRoberts, David
245 _aOrigami: dinosaurs /
_cby David Roberts ; illustrated by Leslie Caswell Models by Brian Edwards.
260 _aWilton, CT :
_bBudget Books,
_c1972.
300 _a1 v. (unp.) ; ill.
520 _aCreate your own dinosaurs! by following the easy step-by-step instructions you can bring these 6 colorful origami models to life.
650 _aPaper folding
650 _aOrigami
999 _c103030
_d103030